| 000 | 00518nam a2200193 i 4500 | ||
|---|---|---|---|
| 001 | bg | ||
| 100 | 1 | _aGORMAN, Daniel J. | |
| 245 | 0 |
_aFree Vibration Analysis of Beams and Shafts / _cDaniel Gorman. |
|
| 260 |
_aNew York : _bJohn Wiley and Sons, _c[1975]. |
||
| 300 |
_as. XII, 386 : _brys. |
||
| 504 | _a[Zawiera bibliogr. s. 383]. | ||
| 020 | _a04713117705 | ||
| 040 | _cBPK | ||
| 041 | _apol | ||
| 080 | _a621.01:534 | ||
| 920 | _a0-471-311770-5 | ||
| 942 | _cKS | ||
| 008 | s pl f |000 0 pol | ||
| 999 |
_c17040 _d17040 |
||
| 856 |
_uhttp://koha.tu.koszalin.pl/cgi-bin/koha/opac-detail.pl?biblionumber=17040 _yKatalog online BPK |
||